000 04839nam a2200253 4500
003 vecauma
005 20260416154101.0
007 ta
008 260416b ve ||||| |||| 00| 0 spa d
020 _a9802331554
040 _avecauma
_bspa
_cvecauma
_dvecauma
_erda
041 _aspa
100 1 _eautor
245 1 _aUniversidad y proceso histórico
_bAproximación a la universidad de Carabobo desde la perspectiva del proceso histórico venezolano (1892-1958)
_c/ Iván Hurtado León
264 _aValencia, Venezuela:
_bUniversidad de Carabobo;
_c1997.
300 _a287 páginas.
336 _atexto
_btxt
_2rdacontenido
337 _ano mediado
_bn
_2rdamedio
338 _avolumen
_bnc
_2rdasoporte
505 0 _aLa creación 1.- Antecedentes Generales de la Educación Superior en Venezuela (1538-1830) / 2.- Reseña Cronológica de la Educación Superior en Carabobo (1830-1892) / 3.- Fundación y Desarrollo de la Universidad (1892-1904) .. / 4.- El Paradigma Educativo de la Universidad en su Primera Etapa / El tiempo de la clausura 1.-La Larga Noche del Cierre (1904-1958) / 2.-La Realidad Latinoamericana después de la Segunda Guerra Mundial / 3.- Influencias Recibidas por la Universidad Venezolana en el Siglo XX / 4.- Planificación, Educación y Desarrollo en América Latina / La restitución 1.- La Universidad de Carabobo en su Segunda Etapa (1958) / 2.-Concepciones Dominantes sobre la Sociedad y los Fines del Sistema Educativo / 3.- La Estrategia Económica de la Industrialización: Valencia como Polo de Desarrollo / 4.- El Paradigma Educativo de la Universidad en su Reapertura (1958) / Conclusiones /
520 3 _aIván Hurtado León, educador e historiador carabobeño. Licenciado, Magister y actual candidato a doctor en educación del Área de Estudios de Postgrado de la Universidad de Carabobo. En esta institución ha desempeñado funciones administrativas y docentes en los últimos veintidós años. Profesor Universitario de pre y postgrado de otras importantes instituciones venezolanas, entre las cuales destacan la Academia Militar de Venezuela, La Universidad Nacional Abierta, la Universidad Sur del Lago, la Universidad Simón Bolívar y la Universidad Simón Rodríguez. Entre las actividades administrativas universitarias resaltantes están el haber sido Director de Medios, Publicaciones y Relaciones Públicas de la Universidad de Carabobo, desempeñar la Secretaría Ejecutiva de la Oficina del Cronista de la misma institución y ser Miembro del Consejo Consultivo de la Cátedra de Divulgación Científica "Alonso Gamero". Ha recibido importantes distinciones administrativas honoríficas ciudadanas, entre las cuales sobresalen el haber sido designado Presidente de la Fundación Jardín Botánico Naguanagua y Herbario de Carabobo y Vicepresidente de la Fundación para el Mejoramiento Sanitario y Ambiental de Valencia (FUNVAL). Como asesor profesional ha participado en numerosas comisiones técnicas, en tal sentido ha sido una de las labores más significativas la desarrollada en la Comisión Presidencial para la Elaboración del Proyecto Educativo Nacional (COPEN). Ha participado como ponente en diferentes eventos nacionales e internacionales. Destacan entre sus publicaciones el libro DOS MOMENTOS: UNA HISTORIA, (Contribución al Conocimiento de Historia de la Universidad de Carabobo) y el Trabajo de Investigación Lineamientos Básicos para la Elaboración del Modelo Curricular de la Universidad Sur del Lago. Ha recibido importantes distinciones nacionales e internacionales entre las cuales se cuentan el haber sido: Huésped Distinguido del Honorable Ayuntamiento Constitucional de Jalapa Henrique, Estado de Veracruz, México; Becario de la Organización de Estados Americanos, Ο.Ε.Λ., y del Ministerio Español de Asuntos Exteriores; invitado internacional del Gobierno de los Estados Unidos y condecorado con la Orden Ciudad de Valencia. Es miembro correspondiente del Centro de Historia del Estado Carabobo, del Ateneo de Valencia, de la Sociedad Bolivariana de Venezuela y de la Asociación de Escritores de Venezuela (Seccional Carabobo). Es colaborador regular de importantes publicaciones regionales y nacionales. Este libro (UNIVERSIDAD Y ESTADO) que ahora presenta, forma parte de una consistente línea de investigación que ha venido desarrollando sobre los orígenes y el proceso histórico de la Universidad de Carabobo. La fotografía que ilustra la portada de este libro corresponde a un grupo de profesores y estudiantes de la Universidad en el período comprendido entre 1892 y 1900. Algunos historiadores han creído identificar en ella a la figura (tercera fila, cuarto de izquierda a derecha) del joven Rector, Alejo Zuloaga, hijo.
942 1 _2lcc
_n0
_cBK
999 _c13389
_d13389